[Event "HUN-chT2 Asztalos 1516"]
[Site "Hungary"]
[Date "2015.11.08"]
[Round "4.6"]
[White "Kota, Istvan"]
[Black "Biro, Tamas"]
[Result "0-1"]
[WhiteElo "1988"]
[BlackElo "1865"]
[PlyCount "59"]
[EventDate "2015.09.13"]
[EventType "team-tourn"]
[EventRounds "11"]
[EventCountry "HUN"]
[SourceTitle "CBM 170 Extra"]
[Source "ChessBase"]
[SourceDate "2016.02.25"]
[SourceVersion "1"]
[SourceVersionDate "2016.02.25"]
[SourceQuality "1"]
[WhiteTeam "Marcali"]
[BlackTeam "Kaposvar Bastya"]
[WhiteTeamCountry "HUN"]
[BlackTeamCountry "HUN"]

1. d4 d5 2. c4 e6 3. Nf3 Nf6 4. g3 c6 5. Bg2 Nbd7 6. Qc2 Ne4 7. 0-0 Bd6 8. Nfd2 f5 9. Nc3 0-0 10. cxd5 exd5 11. f3 Ng5 12. e4 fxe4 13. fxe4 Rxf1+ 14. Nxf1 dxe4 15. Bxg5 Qxg5 16. Nxe4 Qg6 17. Qc4+ Kh8 18. Nxd6 Qxd6 19. Re1 Nf6 20. Qc5 Qd8 21. d5 cxd5 22. Bxd5 Nxd5 23. Rd1 Be6 24. Kh1 Qf6 25. Nd2 b6 26. Qa3 Qd4 27. Qe7 Ne3 28. Qxe6 Nxd1 29. Ne4 Qxe4+ 30. Qxe4 0-1

[Event "HUN-chT2 Asztalos 1314"]
[Site "Hungary"]
[Date "2014.04.13"]
[Round "8.5"]
[White "Kota, Istvan"]
[Black "Kadlicsko, Jozsef"]
[Result "1/2-1/2"]
[WhiteElo "2006"]
[BlackElo "2123"]
[PlyCount "71"]
[EventDate "2013.09.08"]
[EventType "team-tourn"]
[EventRounds "9"]
[EventCountry "HUN"]
[SourceTitle "EXT 2016"]
[Source "ChessBase"]
[SourceDate "2015.10.08"]
[SourceVersion "1"]
[SourceVersionDate "2015.10.08"]
[SourceQuality "1"]
[WhiteTeam "Marcali"]
[BlackTeam "Fehervar"]
[WhiteTeamCountry "HUN"]
[BlackTeamCountry "HUN"]

1. d4 d5 2. c4 e6 3. Nf3 Nf6 4. g3 c6 5. Bg2 Be7 6. 0-0 0-0 7. Qc2 Nbd7 8. b3 Ne4 9. Nbd2 Nxd2 10. Nxd2 Nf6 11. Bb2 a5 12. a4 Bb4 13. Bc3 Qe7 14. c5 Bxc3 15. Qxc3 e5 16. dxe5 Nd7 17. e4 d4 18. Qxd4 Nxc5 19. Qd6 Qxd6 20. exd6 Be6 21. e5 f6 22. exf6 Rxf6 23. Ne4 Nxe4 24. Bxe4 Rd8 25. Bc2 Bd5 26. Rab1 c5 27. Bd3 Rfxd6 28. Bc4 Kf8 29. Bxd5 Rxd5 30. Rfe1 R8d6 31. Rbc1 b6 32. Rc3 Rd3 33. Re3 Rxc3 34. Rxc3 Rd4 35. Re3 Kf7 36. Kf1 1/2-1/2

[Event "HUN-chT2 Asztalos 1213"]
[Site "Hungary"]
[Date "2013.03.03"]
[Round "8.6"]
[White "Kota, Istvan"]
[Black "Vanya, Janos"]
[Result "1/2-1/2"]
[WhiteElo "1987"]
[BlackElo "1942"]
[PlyCount "73"]
[EventDate "2012.09.16"]
[EventType "team-tourn"]
[EventRounds "9"]
[EventCountry "HUN"]
[SourceTitle "EXT 2014"]
[Source "ChessBase"]
[SourceDate "2013.11.20"]
[SourceVersion "1"]
[SourceVersionDate "2013.11.20"]
[SourceQuality "1"]
[WhiteTeam "Marcali"]
[BlackTeam "Kaposvar Bastya"]
[WhiteTeamCountry "HUN"]
[BlackTeamCountry "HUN"]

1. d4 Nf6 2. c4 g6 3. Nf3 Bg7 4. g3 0-0 5. Bg2 d5 6. cxd5 Nxd5 7. 0-0 c6 8. Nc3 Nd7 9. e4 N5f6 10. e5 Nd5 11. Nxd5 cxd5 12. Bg5 h6 13. Be3 Nb6 14. b3 Bg4 15. Qd2 Kh7 16. h3 Be6 17. Rac1 Qd7 18. Kh2 f5 19. exf6 exf6 20. Rc5 g5 21. Rfc1 Rfc8 22. a4 Rc6 23. a5 Nc8 24. Rxc6 bxc6 25. Qc2+ Bf5 26. Qxc6 Qxc6 27. Rxc6 Be4 28. Nd2 Bxg2 29. Kxg2 Ne7 30. Rc7 Bf8 31. a6 Kg6 32. g4 Kf7 33. Rb7 Ke6 34. f3 Nc6 35. Kf1 Nb4 36. Rc7 Kd6 37. Rf7 1/2-1/2

[Event "HUN-chT2 Asztalos 1213"]
[Site "Hungary"]
[Date "2012.11.18"]
[Round "4.7"]
[White "Kota, Istvan"]
[Black "Galambos, Menyhert"]
[Result "1/2-1/2"]
[WhiteElo "1987"]
[BlackElo "2009"]
[PlyCount "106"]
[EventDate "2012.09.16"]
[EventType "team-tourn"]
[EventRounds "9"]
[EventCountry "HUN"]
[SourceTitle "EXT 2014"]
[Source "ChessBase"]
[SourceDate "2013.11.20"]
[SourceVersion "1"]
[SourceVersionDate "2013.11.20"]
[SourceQuality "1"]
[WhiteTeam "Marcali"]
[BlackTeam "Baja"]
[WhiteTeamCountry "HUN"]
[BlackTeamCountry "HUN"]

1. d4 d5 2. c4 c6 3. Nc3 Nf6 4. e3 e6 5. Nf3 Nbd7 6. Qc2 Bd6 7. Be2 0-0 8. 0-0 b6 9. Rd1 Bb7 10. e4 Nxe4 11. Nxe4 dxe4 12. Qxe4 Nf6 13. Qc2 Qe7 14. Bg5 h6 15. Bh4 Rfd8 16. Ne5 c5 17. Ng4 cxd4 18. h3 Bf4 19. Nxf6+ gxf6 20. Qd3 Bg5 21. Bg3 f5 22. Bf3 f4 23. h4 fxg3 24. hxg5 Bxf3 25. Qxf3 gxf2+ 26. Qxf2 Qxg5 27. Rd3 Kf8 28. Rf1 f5 29. Rxd4 Rxd4 30. Qxd4 Rd8 31. Qh8+ Kf7 32. Qc3 Rd2 33. Rf2 Rxf2 34. Kxf2 Qf6 35. Qa3 Qd4+ 36. Kg3 a5 37. b3 e5 38. Qc1 Kg6 39. Qc2 e4 40. Kf4 Kf6 41. a3 e3+ 42. Kf3 Qd2 43. Qxd2 exd2 44. Ke2 Ke5 45. b4 Kd4 46. c5 axb4 47. cxb6 bxa3 48. b7 a2 49. b8Q d1Q+ 50. Kxd1 a1Q+ 51. Ke2 Qa2+ 52. Kf3 Qd5+ 53. Kf2 Qa2+ 1/2-1/2

[Event "HUN-chT2 Asztalos 1112"]
[Site "Hungary"]
[Date "2011.11.27"]
[Round "4.5"]
[White "Heinrich, Ferenc"]
[Black "Kota, Istvan"]
[Result "1/2-1/2"]
[WhiteElo "1989"]
[BlackElo "2004"]
[PlyCount "150"]
[EventDate "2011.09.25"]
[EventType "team-tourn"]
[EventRounds "11"]
[EventCountry "HUN"]
[SourceTitle "EXT 2013"]
[Source "ChessBase"]
[SourceDate "2012.11.22"]
[SourceVersion "1"]
[SourceVersionDate "2012.11.22"]
[SourceQuality "1"]
[WhiteTeam "Kaposvar Bastya"]
[BlackTeam "Marcali"]
[WhiteTeamCountry "HUN"]
[BlackTeamCountry "HUN"]

1. d4 f5 2. Nf3 Nf6 3. Bg5 e6 4. e3 Be7 5. Bc4 b6 6. Ne5 0-0 7. Nd2 Ba6 8. Qe2 Bxc4 9. Qxc4 Nd5 10. Bxe7 Qxe7 11. 0-0 d6 12. Nd3 Nf6 13. Nf4 d5 14. Qd3 e5 15. dxe5 Qxe5 16. Nf3 Qe4 17. Qc3 c5 18. Ng5 Qe7 19. Nge6 Rf7 20. Rfd1 Nc6 21. Qd3 g6 22. Ng5 Rff8 23. Nxd5 Qe5 24. Nxf6+ Qxf6 25. Qb3+ Kh8 26. Ne6 Rfc8 27. Rd6 Qe5 28. Rad1 Nd4 29. Ng5 Qxd6 30. Nf7+ Kg7 31. Nxd6 Nxb3 32. Nxc8 Nd4 33. exd4 Rxc8 34. d5 c4 35. f4 Kf7 36. Kf2 Ke7 37. Re1+ Kd6 38. Re6+ Kxd5 39. Re7 h6 40. Rxa7 Re8 41. Rh7 Re4 42. Rxh6 Rxf4+ 43. Kg3 Rg4+ 44. Kf3 b5 45. c3 g5 46. g3 Re4 47. Rb6 g4+ 48. Kf2 Kc5 49. Rf6 Re5 50. Rf8 Kd5 51. Rd8+ Kc5 52. Rd2 b4 53. Re2 Rd5 54. cxb4+ Kxb4 55. Rc2 Re5 56. Rc3 Re4 57. Re3 Rd4 58. Ke2 f4 59. gxf4 Rxf4 60. Re8 Rf3 61. Rh8 c3 62. Rb8+ Ka4 63. Ra8+ Kb4 64. a3+ Kb3 65. Rb8+ Ka2 66. bxc3 Rxc3 67. a4 Rc2+ 68. Ke3 Rxh2 69. a5 Rh7 70. a6 Rf7 71. Rb7 Rf8 72. a7 Ra8 73. Kf4 Ka3 74. Kxg4 Ka4 75. Rb1 Ka5 1/2-1/2

[Event "HUN-chT2 Asztalos 1011"]
[Site "Hungary"]
[Date "2010.10.24"]
[Round "4.5"]
[White "Balint, Richard"]
[Black "Kota, Istvan"]
[Result "1-0"]
[WhiteElo "1990"]
[BlackElo "2004"]
[PlyCount "79"]
[EventDate "2010.09.12"]
[EventType "team-tourn"]
[EventRounds "11"]
[EventCountry "HUN"]
[SourceTitle "EXT 2012"]
[Source "ChessBase"]
[SourceDate "2011.11.24"]
[SourceVersion "1"]
[SourceVersionDate "2011.11.24"]
[SourceQuality "1"]
[WhiteTeam "Baja"]
[BlackTeam "Marcali"]
[WhiteTeamCountry "HUN"]
[BlackTeamCountry "HUN"]

1. e4 c6 2. d4 d5 3. exd5 cxd5 4. f4 Bf5 5. Nf3 e6 6. Bd3 Nh6 7. 0-0 Nc6 8. c3 Bd6 9. Ne5 Qb6 10. Kh1 Qd8 11. Qe2 0-0 12. Nd2 Bxd3 13. Nxd3 Nf5 14. Nf3 Rc8 15. Bd2 Be7 16. g4 Nd6 17. Nf2 Bh4 18. Nxh4 Qxh4 19. Rg1 Rfe8 20. Rg3 Qf6 21. Rag1 Kh8 22. Kg2 Qg6 23. Bc1 Ne4 24. Nxe4 Qxe4+ 25. Qxe4 dxe4 26. Kf2 g6 27. b3 f5 28. gxf5 exf5 29. d5 Nb8 30. Be3 Red8 31. c4 b5 32. Rc1 bxc4 33. Rxc4 Kg8 34. Bxa7 Rxc4 35. bxc4 Na6 36. Rb3 Rd7 37. Bb6 Nc7 38. Ke3 Kf7 39. Kd4 Ke7 40. Ke5 1-0

[Event "HUN-chT2 Asztalos 1011"]
[Site "Hungary"]
[Date "2010.09.12"]
[Round "1.5"]
[White "Nemeth, Attila Janos"]
[Black "Kota, Istvan"]
[Result "0-1"]
[WhiteElo "2116"]
[BlackElo "2004"]
[PlyCount "76"]
[EventDate "2010.09.12"]
[EventType "team-tourn"]
[EventRounds "11"]
[EventCountry "HUN"]
[SourceTitle "EXT 2012"]
[Source "ChessBase"]
[SourceDate "2011.11.24"]
[SourceVersion "1"]
[SourceVersionDate "2011.11.24"]
[SourceQuality "1"]
[WhiteTeam "Komlo"]
[BlackTeam "Marcali"]
[WhiteTeamCountry "HUN"]
[BlackTeamCountry "HUN"]

1. d4 f5 2. c4 Nf6 3. Nc3 g6 4. Nf3 Bg7 5. Bg5 0-0 6. Bxf6 Bxf6 7. e3 d6 8. d5 Na6 9. Nd4 e5 10. dxe6 Nc5 11. Nd5 Nxe6 12. Be2 Bg7 13. 0-0 Nxd4 14. exd4 c6 15. Nc3 Qb6 16. Na4 Qxd4 17. Qxd4 Bxd4 18. Rad1 c5 19. Bf3 Rb8 20. Bd5+ Kg7 21. Rde1 Bf6 22. f4 b5 23. cxb5 Rxb5 24. b3 Bd7 25. a3 Rbb8 26. g3 Rfe8 27. Kg2 Rxe1 28. Rxe1 Re8 29. Rxe8 Bxe8 30. h3 Bf7 31. Bc4 d5 32. Bd3 Bd4 33. Bb5 c4 34. bxc4 dxc4 35. Kf3 Bd5+ 36. Ke2 h6 37. Ba6 Bc6 38. Bxc4 Bxa4 0-1

[Event "HUN-chT2 Asztalos 0708"]
[Site "Hungary"]
[Date "2008.03.02"]
[Round "7"]
[White "Kota, Istvan"]
[Black "Vrban, Mladen"]
[Result "0-1"]
[WhiteElo "2064"]
[BlackElo "2309"]
[PlyCount "48"]
[EventDate "2007.10.14"]
[EventType "team"]
[EventRounds "11"]
[EventCountry "HUN"]
[SourceTitle "EXT 2009"]
[Source "ChessBase"]
[SourceDate "2008.11.26"]
[SourceVersion "1"]
[SourceVersionDate "2008.11.26"]
[SourceQuality "1"]
[WhiteTeam "Balatonbereny"]
[BlackTeam "Nagyatad"]
[WhiteTeamCountry "HUN"]
[BlackTeamCountry "HUN"]

1. d4 g6 2. c4 d6 3. g3 Bg7 4. Bg2 Nf6 5. Nf3 0-0 6. 0-0 Nc6 7. d5 Na5 8. Nbd2 b5 9. cxb5 Nxd5 10. e4 Nb6 11. Rb1 a6 12. b4 Nac4 13. Nxc4 Nxc4 14. Qd5 Be6 15. Qc6 axb5 16. Qxb5 h6 17. Rd1 Qc8 18. Nd4 Bxd4 19. Rxd4 c6 20. Rxc4 cxb5 21. Rxc8 Rfxc8 22. e5 Bf5 23. Bxa8 Bxb1 24. Bxh6 Rxa8 0-1

[Event "HUN-chT2 Asztalos 0708"]
[Site "Hungary"]
[Date "2007.12.09"]
[Round "4"]
[White "Ronga, Attila"]
[Black "Kota, Istvan"]
[Result "1-0"]
[WhiteElo "2110"]
[BlackElo "2064"]
[PlyCount "87"]
[EventDate "2007.10.14"]
[EventType "team"]
[EventRounds "11"]
[EventCountry "HUN"]
[SourceTitle "EXT 2009"]
[Source "ChessBase"]
[SourceDate "2008.11.26"]
[SourceVersion "1"]
[SourceVersionDate "2008.11.26"]
[SourceQuality "1"]
[WhiteTeam "Szenna Pack II"]
[BlackTeam "Balatonbereny"]
[WhiteTeamCountry "HUN"]
[BlackTeamCountry "HUN"]

1. e4 c6 2. d4 d5 3. exd5 cxd5 4. Nf3 Nc6 5. h3 Bf5 6. Bd3 Bxd3 7. Qxd3 e6 8. 0-0 Bd6 9. Re1 Nf6 10. c3 Qc7 11. Nbd2 Rc8 12. b3 0-0 13. Bb2 Rfd8 14. Qe2 a6 15. Ne5 Bxe5 16. dxe5 Nd7 17. Nf3 Nf8 18. Rad1 Ng6 19. g3 b5 20. h4 h6 21. h5 Nge7 22. Nh2 Qb6 23. Ng4 Nf5 24. Ne3 Nxe3 25. Qxe3 Qxe3 26. Rxe3 b4 27. f4 bxc3 28. Rxc3 Nb4 29. a3 Rxc3 30. Bxc3 Nc2 31. a4 d4 32. Rd3 Kf8 33. Kf2 Ke8 34. Bb2 f6 35. Ke2 fxe5 36. fxe5 Rb8 37. Kd2 Rc8 38. Bxd4 Nb4 39. Rc3 Rb8 40. Bc5 Rd8+ 41. Bd6 Nd5 42. Rc6 a5 43. Ra6 Nb4 44. Ra7 1-0

[Event "HUN-chT2 Asztalos 0708"]
[Site "Hungary"]
[Date "2007.11.11"]
[Round "2"]
[White "Kota, Istvan"]
[Black "Paszler, Jozsef"]
[Result "0-1"]
[WhiteElo "2064"]
[BlackElo "2244"]
[PlyCount "44"]
[EventDate "2007.10.14"]
[EventType "team"]
[EventRounds "11"]
[EventCountry "HUN"]
[SourceTitle "EXT 2009"]
[Source "ChessBase"]
[SourceDate "2008.11.26"]
[SourceVersion "1"]
[SourceVersionDate "2008.11.26"]
[SourceQuality "1"]
[WhiteTeam "Balatonbereny"]
[BlackTeam "Szekszard"]
[WhiteTeamCountry "HUN"]
[BlackTeamCountry "HUN"]

1. d4 Nf6 2. c4 Nc6 3. Nc3 e5 4. d5 Ne7 5. e4 Ng6 6. h4 h5 7. Bg5 Bc5 8. Nf3 a6 9. a3 d6 10. Be2 Bg4 11. Nd2 Nf4 12. f3 Bd7 13. Bf1 c6 14. Qb3 0-0 15. g3 Ng6 16. Bh3 Qc8 17. Bxd7 Nxd7 18. Qd1 f6 19. f4 fxg5 20. hxg5 exf4 21. Qxh5 Nde5 22. gxf4 Nd3+ 0-1

[Event "HUN-chT2 Asztalos 0607"]
[Site "Hungary"]
[Date "2007.03.25"]
[Round "7"]
[White "Kota, Istvan"]
[Black "Kiss, Lajos"]
[Result "0-1"]
[WhiteElo "2112"]
[BlackElo "2178"]
[PlyCount "90"]
[EventDate "2006.11.12"]
[EventType "team"]
[EventRounds "11"]
[EventCountry "HUN"]
[SourceTitle "EXT 2008"]
[Source "ChessBase"]
[SourceDate "2007.11.25"]
[SourceVersion "1"]
[SourceVersionDate "2007.11.25"]
[SourceQuality "1"]
[WhiteTeam "Balatonbereny"]
[BlackTeam "Koppany"]
[WhiteTeamCountry "HUN"]
[BlackTeamCountry "HUN"]

1. d4 Nf6 2. c4 Nc6 3. Nc3 e5 4. d5 Ne7 5. e4 Ng6 6. Be3 Bb4 7. f3 Bxc3+ 8. bxc3 d6 9. Qd2 0-0 10. h4 Nh5 11. Ne2 f5 12. exf5 Bxf5 13. g4 Nxh4 14. Ng1 Nxf3+ 15. Nxf3 Bxg4 16. Ng5 h6 17. Qg2 Qd7 18. Ne4 Bf3 19. Qh3 Qf7 20. Bg2 Bxg2 21. Qxg2 Nf4 22. Qc2 b5 23. Bxf4 Qxf4 24. Qe2 bxc4 25. Rf1 Qh4+ 26. Kd2 Rxf1 27. Rxf1 Rf8 28. Rxf8+ Kxf8 29. Qf1+ Qf4+ 30. Qxf4+ exf4 31. Ke2 Kf7 32. Kf3 g5 33. Nd2 Kf6 34. Nxc4 Kf5 35. Na5 g4+ 36. Kf2 h5 37. Nc6 a6 38. Nd4+ Ke4 39. Ne6 h4 40. c4 g3+ 41. Kf1 f3 42. Kg1 Ke3 43. a4 h3 44. Ng7 f2+ 45. Kf1 g2# 0-1

[Event "HUN-chT2 Asztalos 0607"]
[Site "Hungary"]
[Date "2006.12.17"]
[Round "4"]
[White "Nemeth, Attila Janos"]
[Black "Kota, Istvan"]
[Result "0-1"]
[WhiteElo "2060"]
[BlackElo "2112"]
[PlyCount "38"]
[EventDate "2006.11.12"]
[EventType "team"]
[EventRounds "11"]
[EventCountry "HUN"]
[SourceTitle "EXT 2008"]
[Source "ChessBase"]
[SourceDate "2007.11.25"]
[SourceVersion "1"]
[SourceVersionDate "2007.11.25"]
[SourceQuality "1"]
[WhiteTeam "Pecs Karmin"]
[BlackTeam "Balatonbereny"]
[WhiteTeamCountry "HUN"]
[BlackTeamCountry "HUN"]

1. d4 f5 2. c4 Nf6 3. Nc3 g6 4. Bg5 Bg7 5. e3 d6 6. Bxf6 Bxf6 7. Qa4+ c6 8. Rd1 0-0 9. g3 Qe8 10. Qb3 e5 11. Nge2 Na6 12. c5+ d5 13. Qa3 Bg7 14. dxe5 Bxe5 15. Kd2 Qe7 16. Na4 Nc7 17. Kc1 b5 18. Nac3 a5 19. b4 axb4 0-1

[Event "HUN-chT2 Asztalos 0607"]
[Site "Hungary"]
[Date "2006.11.12"]
[Round "1"]
[White "Kota, Istvan"]
[Black "Papagorasz, Takisz"]
[Result "1/2-1/2"]
[WhiteElo "2112"]
[BlackElo "2273"]
[PlyCount "123"]
[EventDate "2006.11.12"]
[EventType "team"]
[EventRounds "11"]
[EventCountry "HUN"]
[SourceTitle "EXT 2008"]
[Source "ChessBase"]
[SourceDate "2007.11.25"]
[SourceVersion "1"]
[SourceVersionDate "2007.11.25"]
[SourceQuality "1"]
[WhiteTeam "Balatonbereny"]
[BlackTeam "Varga Mafry"]
[WhiteTeamCountry "HUN"]
[BlackTeamCountry "HUN"]

1. d4 Nf6 2. c4 e6 3. g3 d5 4. Bg2 dxc4 5. Nf3 Nc6 6. Qa4 Bd7 7. Qxc4 Be7 8. 0-0 0-0 9. Nc3 a6 10. Bf4 b5 11. Qd3 b4 12. Ne4 Nd5 13. Ne5 Nxe5 14. dxe5 Bb5 15. Qc2 c5 16. Bf3 Rc8 17. a4 bxa3 18. bxa3 h6 19. Rfd1 Qa5 20. Qd2 Qxd2 21. Bxd2 Ba4 22. Rdc1 Rfd8 23. Ba5 Rd7 24. Nc3 Bc6 25. Rd1 Nxc3 26. Bxc3 Rxd1+ 27. Rxd1 Bxf3 28. exf3 Rb8 29. Rd7 Bf8 30. Ba5 Rb3 31. Rd8 g5 32. Bc7 Kg7 33. Rc8 c4 34. Bd6 Bxd6 35. exd6 Rd3 36. Rxc4 Rxd6 37. Rb4 Kf6 38. h4 a5 39. hxg5+ hxg5 40. Rc4 Rd3 41. Ra4 Rd5 42. Rc4 Ke5 43. f4+ Kd6 44. fxg5 Rxg5 45. Rf4 Rf5 46. Ra4 Kc6 47. Kg2 Kb5 48. Re4 Rd5 49. Kf1 Rd1+ 50. Ke2 Ra1 51. Rf4 Ra2+ 52. Kd1 f5 53. f3 Rxa3 54. g4 Rd3+ 55. Kc2 Rd5 56. Kb3 fxg4 57. fxg4 Rd3+ 58. Kc2 Re3 59. g5 Rg3 60. Re4 a4 61. Kb2 Rxg5 62. Rxe6 1/2-1/2

[Event "HUN-chT2 Charousek 0506"]
[Site "Hungary"]
[Date "2006.03.19"]
[Round "9"]
[White "Kota, Istvan"]
[Black "Szelenyi, Norbert"]
[Result "0-1"]
[WhiteElo "2122"]
[BlackElo "2312"]
[PlyCount "108"]
[EventDate "2005.10.16"]
[EventType "team"]
[EventRounds "11"]
[EventCountry "HUN"]
[SourceTitle "EXT 2009"]
[Source "ChessBase"]
[SourceDate "2008.11.26"]
[SourceVersion "1"]
[SourceVersionDate "2008.11.26"]
[SourceQuality "1"]
[WhiteTeam "Szentendre"]
[BlackTeam "Tapolca"]
[WhiteTeamCountry "HUN"]
[BlackTeamCountry "HUN"]

1. d4 e6 2. c4 Bb4+ 3. Bd2 a5 4. g3 d6 5. Bg2 Nc6 6. Nf3 Nf6 7. 0-0 Bxd2 8. Qxd2 0-0 9. Nc3 Qe7 10. e4 e5 11. Rfe1 Bg4 12. dxe5 dxe5 13. Nd5 Qd8 14. Qg5 Bxf3 15. Bxf3 Nd4 16. Bd1 Re8 17. Nxf6+ Qxf6 18. Qxf6 gxf6 19. Kg2 Red8 20. Rc1 Ne6 21. Bg4 Rd2 22. Re2 Rad8 23. Rce1 Nc5 24. b3 R8d4 25. Rxd2 Rxd2 26. Re2 Rxe2 27. Bxe2 Nxe4 28. Bd3 Nc5 29. Bf5 b6 30. Kf3 Nb7 31. Ke3 Nd6 32. Bd3 f5 33. f3 Kg7 34. h3 Kf6 35. f4 Nb7 36. g4 fxg4 37. hxg4 h6 38. Be4 Nc5 39. Bc2 Ne6 40. fxe5+ Kxe5 41. Be4 Nd4 42. Kd3 c5 43. Ke3 f6 44. Bg6 f5 45. gxf5 Nxf5+ 46. Kd3 Nd4 47. Ke3 Nc6 48. Be4 Nb4 49. a3 Na6 50. Bb7 Nc7 51. Kd3 h5 52. b4 axb4 53. axb4 cxb4 54. Kc2 Ne6 0-1

[Event "HUN-chT2 Charousek 0506"]
[Site "Hungary"]
[Date "2005.11.27"]
[Round "4"]
[White "Kota, Istvan"]
[Black "Halasz, Attila"]
[Result "1/2-1/2"]
[WhiteElo "2122"]
[BlackElo "2243"]
[PlyCount "93"]
[EventDate "2005.10.16"]
[EventType "team"]
[EventRounds "11"]
[EventCountry "HUN"]
[SourceTitle "EXT 2009"]
[Source "ChessBase"]
[SourceDate "2008.11.26"]
[SourceVersion "1"]
[SourceVersionDate "2008.11.26"]
[SourceQuality "1"]
[WhiteTeam "Szentendre"]
[BlackTeam "Pannonpower"]
[WhiteTeamCountry "HUN"]
[BlackTeamCountry "HUN"]

1. d4 Nf6 2. c4 e6 3. g3 d5 4. Bg2 c6 5. Nf3 Nbd7 6. Qc2 Bd6 7. 0-0 0-0 8. Rd1 Ne4 9. Nc3 f5 10. c5 Bc7 11. Bf4 Bxf4 12. gxf4 Rf6 13. e3 Rh6 14. Kf1 Qe8 15. h3 Qh5 16. Ne1 Ndf6 17. Qe2 Qe8 18. Kg1 Nxc3 19. bxc3 b6 20. cxb6 axb6 21. Qb2 b5 22. f3 Ra4 23. Nd3 Nd7 24. Nf2 Rf6 25. Qd2 Qf8 26. Rdb1 Bb7 27. Rb4 Qa8 28. Rxa4 Qxa4 29. e4 Nb6 30. Bf1 Qa3 31. Rb1 fxe4 32. fxe4 Qf8 33. Nd3 dxe4 34. Nc5 Bc8 35. a4 Rxf4 36. axb5 cxb5 37. Bxb5 Qd6 38. Rf1 Rxf1+ 39. Bxf1 Qg3+ 40. Qg2 Qxc3 41. Qxe4 Qg3+ 42. Bg2 Qd6 43. Nd3 Nd5 44. Ne5 Ne7 45. Kh2 g6 46. Qf3 Nf5 47. Qc6 1/2-1/2

[Event "HUN-chT2 Charousek 0506"]
[Site "Hungary"]
[Date "2005.10.16"]
[Round "1"]
[White "Berta, Krisztian"]
[Black "Kota, Istvan"]
[Result "1/2-1/2"]
[WhiteElo "2244"]
[BlackElo "2122"]
[PlyCount "41"]
[EventDate "2005.10.16"]
[EventType "team"]
[EventRounds "11"]
[EventCountry "HUN"]
[SourceTitle "EXT 2009"]
[Source "ChessBase"]
[SourceDate "2008.11.26"]
[SourceVersion "1"]
[SourceVersionDate "2008.11.26"]
[SourceQuality "1"]
[WhiteTeam "Keszthely"]
[BlackTeam "Szentendre"]
[WhiteTeamCountry "HUN"]
[BlackTeamCountry "HUN"]

1. d4 f5 2. c4 Nf6 3. Nf3 g6 4. g3 Bg7 5. Bg2 0-0 6. 0-0 d6 7. Nc3 Qe8 8. d5 a5 9. a3 Na6 10. Rb1 Nc5 11. b4 axb4 12. axb4 Nce4 13. Bb2 Bd7 14. Nd2 Nxc3 15. Bxc3 c6 16. Ra1 Qf7 17. Qb3 e5 18. dxc6 Bxc6 19. Bxc6 bxc6 20. c5 Qxb3 21. Nxb3 1/2-1/2

[Event "HUN-chT2 Charousek 0405"]
[Site "Hungary"]
[Date "2005.02.20"]
[Round "8"]
[White "Kota, Istvan"]
[Black "Pinterne, Kovacs Marta"]
[Result "1/2-1/2"]
[WhiteElo "2146"]
[BlackElo "2179"]
[PlyCount "51"]
[EventDate "2004.09.26"]
[EventType "team"]
[EventRounds "11"]
[EventCountry "HUN"]
[SourceTitle "EXT 2008"]
[Source "ChessBase"]
[SourceDate "2007.11.25"]
[SourceVersion "1"]
[SourceVersionDate "2007.11.25"]
[SourceQuality "1"]
[WhiteTeam "Szentendre"]
[BlackTeam "Keszthely"]
[WhiteTeamCountry "HUN"]
[BlackTeamCountry "HUN"]

1. d4 d5 2. c4 e6 3. Nf3 f5 4. g3 Nf6 5. Bg2 c6 6. 0-0 Bd6 7. Qc2 Qe7 8. Nc3 0-0 9. Rb1 Bd7 10. c5 Bc7 11. Bf4 Bxf4 12. gxf4 Ne4 13. Ne5 Be8 14. f3 Nf6 15. b4 a6 16. a4 Nbd7 17. Nd3 Nh5 18. e3 Kh8 19. Qf2 g5 20. fxg5 Qxg5 21. Ne2 Rg8 22. Nef4 Nxf4 23. Nxf4 Bf7 24. Kh1 Rg7 25. Rg1 Rag8 26. Bh3 1/2-1/2

[Event "HUN-chT2 Breyer 0304"]
[Site "Hungary"]
[Date "2004.01.25"]
[Round "6"]
[White "Rigan, Jozsef"]
[Black "Kota, Istvan"]
[Result "1/2-1/2"]
[WhiteElo "2032"]
[BlackElo "2202"]
[PlyCount "80"]
[EventDate "2003.09.28"]
[EventType "team"]
[EventRounds "11"]
[EventCountry "HUN"]
[SourceTitle "EXT 2009"]
[Source "ChessBase"]
[SourceDate "2008.11.26"]
[SourceVersion "1"]
[SourceVersionDate "2008.11.26"]
[SourceQuality "1"]
[WhiteTeam "Turul"]
[BlackTeam "Szentendre"]
[WhiteTeamCountry "HUN"]
[BlackTeamCountry "HUN"]

1. c4 f5 2. g3 Nf6 3. Bg2 g6 4. Nc3 d6 5. Qb3 Nc6 6. e3 Bg7 7. d3 Ne5 8. Nd5 0-0 9. d4 Nc6 10. Nxf6+ Bxf6 11. Bd2 e5 12. dxe5 dxe5 13. 0-0-0 Qe8 14. Bd5+ Be6 15. Qxb7 Bxd5 16. cxd5 Ne7 17. Bc3 Qa4 18. Qb3 Qxb3 19. axb3 Rad8 20. Bb4 Rfe8 21. e4 fxe4 22. Bxe7 Rxe7 23. Ne2 Bg5+ 24. Kc2 Rf7 25. Rhf1 Rdf8 26. h4 Be3 27. d6 cxd6 28. Rxd6 Bxf2 29. h5 gxh5 30. Rh1 Bc5 31. Rd5 Rc7 32. Kd1 Rf3 33. Nc3 Bd4 34. Nxe4 Rd3+ 35. Nd2 Rxg3 36. Rxh5 Rg1+ 37. Ke2 Rg2+ 38. Kd3 Rg3+ 39. Ke4 Kg7 40. Rd6 Re3+ 1/2-1/2

[Event "HUN-chT2 Breyer 0304"]
[Site "Hungary"]
[Date "2003.09.28"]
[Round "1"]
[White "Polyak, Istvan2222"]
[Black "Kota, Istvan"]
[Result "1/2-1/2"]
[WhiteElo "2098"]
[BlackElo "2202"]
[PlyCount "55"]
[EventDate "2003.09.28"]
[EventType "team"]
[EventRounds "11"]
[EventCountry "HUN"]
[SourceTitle "EXT 2009"]
[Source "ChessBase"]
[SourceDate "2008.11.26"]
[SourceVersion "1"]
[SourceVersionDate "2008.11.26"]
[SourceQuality "1"]
[WhiteTeam "Vizugy II"]
[BlackTeam "Szentendre"]
[WhiteTeamCountry "HUN"]
[BlackTeamCountry "HUN"]

1. d4 f5 2. c4 Nf6 3. Nc3 g6 4. g3 Bg7 5. Bg2 0-0 6. Nf3 d6 7. 0-0 Qe8 8. Nb5 Na6 9. d5 e5 10. dxe6 Qxe6 11. b3 Ne4 12. Rb1 c6 13. Nbd4 Qe7 14. Bb2 Nc7 15. Nd2 Nf6 16. Re1 Ne6 17. Nxe6 Bxe6 18. e4 Qf7 19. e5 dxe5 20. Bxe5 Rad8 21. Qc2 Bh6 22. Rbd1 Ng4 23. Nf3 Nxe5 24. Nxe5 Qf6 25. Rxd8 Rxd8 26. Qe2 Rd2 27. Qf3 Bf8 28. Qe3 1/2-1/2